000 01417cam a2200349 i 4500
001 4983
003 Mx-PuUPA
005 20250619150602.0
008 140415s2007 enka gr 001 0 eng d
020 _a9780143038252
_qrústica
040 _aMx-PuUPA
_bspa
_cMx-PuUPA
_dMx-PuUPA
_erda
041 0 _aeng
043 _aa-pk---
_aa-af---
_an-us---
100 1 _aMortenson, Greg,
_d1957-
_916909
_eautor
245 1 0 _aThree cups of tea :
_bone man's misión to promote peace... One school at a time /
_cGreg Mortenson and David Oliver Relin
250 _aFirst published
264 1 _aLondon, England :
_bPenguin Books,
_c2007
300 _a349 páginas, 16 páginas de láminas sin numerar :
_bilustraciones, mapas, láminas ;
_c22 cm
336 _2rdacontent
_atexto
_btxt
337 _2rdamedia
_asin medio
_bn
338 _2rdacarrier
_avolumen
_bnc
600 1 4 _aMortenson, Greg
650 7 _2armarc
_aEscuelas para niñas
_zPakistán
_vLiteratura
650 7 _2armarc
_aEscuelas para niñas
_zAfganistán
_vLiteratura
650 7 _2armarc
_aAsistencia humanitaria
_zEstados Unidos
_zPakistán
_vLiteratura juvenil
650 7 _2armarc
_aAsistencia humanitaria
_zEstados Unidos
_zAfganistán
_vLiteratura juvenil
650 7 _2armarc
_aMontañistas
_zBiografías
700 1 _aOliver Relin, David,
_eautor
942 _2ddc
_cLI
_h371.82209549
_iM82
999 _c4983
_d4983